Statistics for Milwaukee Bucks 20 Points Per Game Players

Click here to take the quiz!

General Stats

  • This quiz has been taken 101 times
    (13 since last reset)
  • The average score is 8 of 15

Answer Stats

#PlayersLast% Correct
8Giannis Antetokounmpo2024
100%
1Damian Lillard2024
92%
6Kareem Abdul-Jabbar1975
92%
4Khris Middleton2022
92%
4Ray Allen2003
85%
4Sidney Moncrief1986
62%
5Michael Redd2008
54%
1Jabari Parker2017
46%
2Flynn Robinson1970
38%
7Glenn Robinson2002
38%
5Marques Johnson1984
31%
4Terry Cummings1989
31%
2Vin Baker1997
31%
3Bob Dandridge1977
23%
2Ricky Pierce1991
23%

Score Distribution

Percentile by Number Answered

Percent of People with Each Score

Your Score History

You have not taken this quiz since the last reset